Państwa z największym procentem analfabetów - Statystyki

Ogólne statystyki
  • Ten quiz został rozwiązany 135 razy
  • Średni wynik to 19 z 30
Statystyki odpowiedzi
Lp Proc. Państwo % Poprawnych
29. 37,2% Indie
84%
2. 71,5% Niger
81%
5. 67,3% Czad
80%
26. 39,9% Nigeria
80%
1. 80,8% Somalia
77%
6. 64,1% Etiopia
76%
7. 62% Gwinea
74%
4. 71% Afganistan
70%
10. 58,1% Senegal
69%
11. 54,7% Gambia
67%
15. 46,3% Pakistan
67%
21. 43,2% Mauretania
66%
30. 35,1% Togo
66%
12. 49% Gwinea Bissau
65%
17. 45,4% W. K. Słoniowej
64%
19. 45% Bangladesz
62%
23. 41,9% Liberia
62%
3. 71,3% Burkina Faso
61%
28. 39% Gwinea Równikowa
61%
16. 46% Mozambik
61%
27. 39,1% Jemen
58%
22. 42,1% Nepal
58%
9. 59,2% Benin
55%
8. 60,2% Sierra Leone
55%
13. 47,2% Bhutan
53%
20. 43,6% Maroko
53%
14. 47% Haiti
48%
17. 45,4% Rep. Środk-afrykańska
46%
25. 40,4% Papua-Nowa Gwinea
39%
24. 41,4% Timor Wschodni
32%
Nie znaleziono quizów pasujących do podanych kryteriów
Rozkład punktacji
Procent ludzi z każdym wynikiem
Percentyl według liczby udzielonych odpowiedzi
Twoja historia wyników
Nie rozwiązałeś tego quizu